000 00497nam a2200157Ia 4500
008 100122s9999 xx 000 0 und d
082 _b55914
_a824
100 _aकाळे व पु
245 _aमाझं माझ्यापाशी (RC )
250 _a0
260 _bऔदुंबर प्रकाशन
_c1998
300 _a139
630 _aमाझं माझ्यापाशी (RC )
730 _aमाझं माझ्यापाशी (RC )
942 _cBOOK
999 _c432445
_d432442